| 000 | 00000nam 2200000za 4500 |
| 001 | 9.639701 |
| 003 | CaOODSP |
| 005 | 20250319165015 |
| 007 | cr ||||||||||| |
| 008 | 150407s1998||||onc|||||o f000 0 fre d |
| 040 | |aCaOODSP|bfre |
| 043 | |an-cn--- |
| 086 | 1 |aH88-3/22-1998F-PDF |
| 245 | 05|a[Les médicaments, parlons-en ] |h[ressource électronique] : |b[comment vous pouvez aider les aînés à utiliser des médicaments de façon sécuritaire] |
| 260 | |aOttawa : |bSanté Canada, |c[1998]. |
| 300 | |a17 p. |
| 500 | |a « Kit des médicaments, Formulaires des médicaments » |
| 500 | |aTitre cité par l’éditeur. |
| 520 | 3 |a« Les médicaments, parlons-en : Comment vous pouvez aider les aînés à utiliser des médicaments de façon sécuritai re a été conçu par Santé Canada pour vous aider, en tant que professionnel de la santé, à donner aux aînés l’information nécessaire à un usage sécuritai re des médicaments. ... Les médicaments, parlons-en va vous aider, dans votre pratique, à utiliser des techniques de communication verbale claire et à transmettre de l’information sur la santé écrite dans un style clair et simple; ainsi, vous pourrez mieux servir les aînés ayant un niveau d’alphabétisation faible » --Comment cette trousse peut vous aider, p.[3]. |
| 590 | |a12-17-Supp|b2012-04-20 |
| 691 | 07|aAîné|2gcpds |
| 691 | 07|aMédicament|2gcpds |
| 691 | 07|aSécurité|2gcpds |
| 710 | 1 |aCanada.|bDivision du vieillissement et des aînés. |
| 775 | 08|t[Medication matters] |w(CaOODSP)9.695567 |
| 776 | 0#|tLes médicaments, parlons-en : |w(CaOODSP)9.680378 |
| 856 | 40|ahttp://publications.gc.ca|qPDF|s342 Ko|uhttps://publications.gc.ca/collections/Collection/H88-3-22-1998F.pdf |